000 01147nam a2200241 i 4500
001 55283
003 ES-MaACL
005 20230906163119.0
007 t|
008 190910s1963 sp ||||1| spa d
130 0 _aCódice Aubin.
_lEspañol-Náhualt.
_9168249
245 1 0 _aHistoria de la nación mexicana :
_breproducción a todo color del códice de 1576 (Códice Aubin) /
_cedición, introducción, notas, índices, versión paleográfica y traducción directa del náhuatl por el doctor Charles E. Dibble.
260 _aMadrid :
_bJosé Porrúa Turanzas,
_c1963.
300 _a11, 158 p. :
_bil. col. ;
_c25 cm.
490 1 _aColección Chimalistac de libros y documentos acerca de la Nueva España ;
_v16
546 _aTexto en nahualt y traducción al español.
651 4 _aMéxico-
_xHistoria-
_yHasta 1517, Época prehispánica.
_9153811
700 1 _aDibble, Charles E. (
_d1909-)
_9168250
710 2 _aBritish Library.
_kManuscrito.
_n(Additional 31219)
_9168251
830 0 _aColección Chimalistac de libros y documentos acerca de la Nueva España ;
_v16
_9182539
852 _aES-MaACL
_jP-798-14
999 _c55283
_d55283